Datum a čas kvízu

33.5 Celkem bodů Celkový počet nahraných bodů na tomto kvízu bez doplňovacích otázek.
5. Pořadí na kvízu Konečné umístění týmu na tomto kvízu.

Zaznamenané odpovědi

# Otázka Odpověď Body Výsledky
1. Poradní výbor Rady Evropy vyzv... o slovenštinu 0
2. V italském městě Pesaro nechal... Luciano Pavarotti 1
3. Spousta z vás si jistě minulý... Bad Bunny 0
4. Tento klenot z horského křišťá... Fabergého vejce 0
5. Minulý týden se v Premier Leag... Manchester City, Erling Haaland 0.5
6. Jak jinak začít toto téma, než... žlutý trpaslík 0
7. Další otázku věnujme Zemi. Jed... 6378 km 1
8. Nyní se podíváme na planety, c... Uran; Venuše 0
9. Na řadě je rychlost planet. Co... B 0
10. Přiřaďte názvy těchto čtyř pla... 1B; 2D; 3C; 4A 0